| 000 | 00911nmm a2200325 a 4500 | ||
|---|---|---|---|
| 003 | AR-BaBNM | ||
| 005 | 20251128204335.0 | ||
| 008 | 285019s1991 ||||||||||||||000 | spa|| | ||
| 020 | _a950-13-3450-3 | ||
| 040 | _cAR-BaBNM | ||
| 100 | 1 |
_aNassif, Ricardo _d1924-1984 |
|
| 245 | 1 | 0 | _aPedagogía general |
| 250 | _a2ª ed. | ||
| 260 |
_aBogotá _bCincel-Kapelusz _c1991 |
||
| 300 | 0 | _a305 p. | |
| 500 | 0 | _aPosee índice de materias y de obras citadas | |
| 504 | _aContiene bibliografía p. 271-296 | ||
| 650 | 4 | _aPEDAGOGIA | |
| 650 | 4 | _aPROCESO DE APRENDIZAJE | |
| 650 | 4 | _aCIENCIAS DE LA EDUCACION | |
| 650 | 4 | _aTEORIAS DE LA EDUCACION | |
| 650 | 4 | _aDIDACTICA | |
| 650 | 4 | _aFINALIDADES DE LA EDUCACION | |
| 650 | 4 | _aANTROPOLOGIA DE LA EDUCACION | |
| 653 | 0 | _aRELACION PEDAGOGICA | |
| 653 | 0 | _aPROBLEMAS EDUCATIVOS | |
| 653 | 0 | _aINSTITUCIONES EDUCATIVAS | |
| 942 | _cBK | ||
| 998 | _cCarmen | ||
| 999 |
_c7085 _d7085 |
||